Normal view
MARC view
- DREAM WEAVER MX 2004 BIBLE
Entry Topical Term
001 - CONTROL NUMBER
- control field: 65404
003 - CONTROL NUMBER IDENTIFIER
- control field: NUST
005 - DATE AND TIME OF LATEST TRANSACTION
- control field: 20210628203429.0
008 - FIXED-LENGTH DATA ELEMENTS
- fixed length control field: 210628|| aca||aabn | a|a d
040 ## - CATALOGING SOURCE
- Original cataloging agency: NUST
- Transcribing agency: NUST
150 ## - HEADING--TOPICAL TERM
- Topical term or geographic name entry element: DREAM WEAVER MX 2004 BIBLE
670 ## - SOURCE DATA FOUND
- Source citation: Work cat.: (NUST): Lowery, Joseph W 65403, Dream weaver mx 2004 bible, 2004
